00851nab a2200217 i 4500001000700000003000900007005001700016007000300033008004100036040002800077100003000105245012900135260003600264300004200300336002200342337003000364338002400394500015000418610003200568852003300600193699ES-MaACL20250807063228.0t|240206s1895 sp ||||1| spa d aES-MaACLbspacES-MaACL1 aMontemar, Félix deeaut13aEl Ateneo :bsus épocas, la casa vieja y la casa nueva, la casa y el alma, Teodoro, para este año /cFélix de Montemar a[Madrid :bNuevo Mundo, c1895] a2 páginas :bilustraciones ;c30 cm 2rdacontentatexto 2rdamediaasin mediación 2rdacarrieravolumen aFotocopia del artículo de Félix de Montemar sobre el Ateneo de Madrid, publicado en la revista "Nuevo mundo", 19 de diciembre de 1895, n. 10224aAteneo de Madrid-vHistoria4 aES-MaACL cDEPOFj2347-F-60